Macroeconomía (Registro nro. 361)

Detalles MARC
000 -LEADER
fixed length control field 01431 a2200253 4500
001 - CONTROL NUMBER
control field 3776
005 - DATE AND TIME OF LATEST TRANSACTION
control field 20260407155430.0
008 - FIXED-LENGTH DATA ELEMENTS--GENERAL INFORMATION
fixed length control field 260407a2000 arg spa d
003 - CONTROL NUMBER IDENTIFIER
control field AR-UNSa-BCEJYS
040 ## - CATALOGING SOURCE
Original cataloging agency AR-UNSa-BCEJYS
Language of cataloging spa
Transcribing agency AR-UNSa-BCEJYS
080 ## - UNIVERSAL DECIMAL CLASSIFICATION NUMBER
Universal Decimal Classification number 330.101.541
Common auxiliary subdivision Macroeconomía
020 ## - INTERNATIONAL STANDARD BOOK NUMBER
International Standard Book Number 978-84-85855-98-8
100 1# - MAIN ENTRY--PERSONAL NAME
Personal name Mankiw, N. Gregory
245 10 - TITLE STATEMENT
Title Macroeconomía
250 ## - EDITION STATEMENT
Edition statement 4a. ed.
264 #1 - PRODUCTION, PUBLICATION, DISTRIBUTION, MANUFACTURE, AND COPYRIGHT NOTICE
Place of production, publication, distribution, manufacture Barcelona :
Name of producer, publisher, distributor, manufacturer Antoni Bosch
Date of production, publication, distribution, manufacture, or copyright notice 2000
300 ## - PHYSICAL DESCRIPTION
Extent xxxviii, 703 p.
Dimensions 24 cm.
505 ## - FORMATTED CONTENTS NOTE
Formatted contents note 1. La ciencia de la macroeconomía - 2. Los datos macroeconómicos - 3. La renta nacional: de dónde viene y adónde va - 4. El crecimiento económico I - 5. El crecimiento económico II - 6. El paro - 7. El dinero y la inflación - 8. La economía abierta - 9. Introducción a las fluctuaciones económicas - 10. La demanda agregada I - 11. La demanda agregada II - 12. La demanda agregada en la economía abierta - 13. La oferta agregada - 14. La política de estabilización - 15. La deuda y los déficit presupuestarios públicos - 16. El consumo - 17. La inversión - 18. La oferta y la demanda de dinero - 19. Tendencias de la teoría de las fluctuaciones económicas
590 ## - LOCAL NOTE (RLIN)
Local note niveau_biblio:m niveau_hierar:0
700 1# - ADDED ENTRY--PERSONAL NAME
Personal name Rabasco, María Esther
700 1# - ADDED ENTRY--PERSONAL NAME
Personal name Toharia Cortés, Luis
856 41 - ELECTRONIC LOCATION AND ACCESS
Uniform Resource Identifier <a href="https://www.biblioeco.unsa.edu.ar/pmb/images/libros/L128211.jpg">https://www.biblioeco.unsa.edu.ar/pmb/images/libros/L128211.jpg</a>
Link text Imagen de portada
Electronic format type image/jpeg
942 ## - ADDED ENTRY ELEMENTS (KOHA)
Koha item type
Existencias
Withdrawn status Lost status Damaged status Not for loan Home library Current library Shelving location Date acquired Total checkouts Full call number Barcode Date last seen Price effective from Koha item type
        Biblioteca Prof. Eusebio Cleto del Rey Biblioteca Prof. Eusebio Cleto del Rey   07/04/2026   330.101.541 M278 4ed. L86569 07/04/2026 07/04/2026 Libro
        Biblioteca Prof. Eusebio Cleto del Rey Biblioteca Prof. Eusebio Cleto del Rey   07/04/2026   330.101.541 M278 4ed. L86572 07/04/2026 07/04/2026 Libro
        Biblioteca Prof. Eusebio Cleto del Rey Biblioteca Prof. Eusebio Cleto del Rey   07/04/2026   330.101.541 M278 4ed. L86573 07/04/2026 07/04/2026 Libro
        Biblioteca Prof. Eusebio Cleto del Rey Biblioteca Prof. Eusebio Cleto del Rey   07/04/2026   330.101.541 M278 4ed. L86570 07/04/2026 07/04/2026 Libro
        Biblioteca Prof. Eusebio Cleto del Rey Biblioteca Prof. Eusebio Cleto del Rey   07/04/2026   330.101.541 M278 4ed. L128211 07/04/2026 07/04/2026 Libro